[Event "SRI-ch (Women)"]
[Site "Colombo"]
[Date "2013.10.05"]
[Round "10"]
[White "Methmani, Nelunika"]
[Black "Rajapaksha, Shyama"]
[Result "1-0"]
[WhiteElo "1630"]
[BlackElo "1613"]
[PlyCount "77"]
[EventDate "2013.09.27"]
[EventType "tourn"]
[EventRounds "13"]
[EventCountry "SRI"]
[SourceTitle "CBM 156 Extra"]
[Source "ChessBase"]
[SourceDate "2013.10.22"]
[SourceVersion "1"]
[SourceVersionDate "2013.10.22"]
[SourceQuality "1"]

1. d4 Nf6 2. c4 e6 3. Nf3 c5 4. e3 cxd4 5. exd4 b6 6. Bd3 Bb7 7. 0-0 Be7 8. b3 0-0 9. Bb2 d5 10. Qc2 h6 11. Nbd2 Nc6 12. h3 Rc8 13. Rac1 Bd6 14. c5 Bc7 15. Rfe1 Nd7 16. b4 a6 17. Qb3 Re8 18. a4 Nf6 19. b5 axb5 20. axb5 Ne7 21. c6 Ba8 22. Nb1 Bb8 23. Na3 Bf4 24. Ra1 Nxc6 25. bxc6 Rxc6 26. Bb5 Qd6 27. Bxc6 Qxc6 28. g3 Bd6 29. Rec1 Qd7 30. Nb5 Ne4 31. Ra7 Qd8 32. Nc7 Bxc7 33. Rcxc7 Rf8 34. Ne5 Qf6 35. Rxf7 Rxf7 36. Rxf7 Qd8 37. Ba3 Kh7 38. f3 Nd2 39. Qd3+ 1-0

[Event "SRI-ch (Women)"]
[Site "Colombo"]
[Date "2013.09.27"]
[Round "2"]
[White "Rajapaksha, Shyama"]
[Black "Mendis, Dasuni Hansika"]
[Result "1/2-1/2"]
[WhiteElo "1613"]
[BlackElo "1533"]
[PlyCount "31"]
[EventDate "2013.09.27"]
[EventType "tourn"]
[EventRounds "13"]
[EventCountry "SRI"]
[SourceTitle "CBM 156 Extra"]
[Source "ChessBase"]
[SourceDate "2013.10.22"]
[SourceVersion "1"]
[SourceVersionDate "2013.10.22"]
[SourceQuality "1"]

1. d4 Nf6 2. Nf3 e6 3. Bf4 b6 4. e3 Bb7 5. Nbd2 Be7 6. Bd3 0-0 7. h3 d6 8. c3 Nbd7 9. 0-0 c5 10. Rc1 Rc8 11. Qe2 Qc7 12. Ba6 Bxa6 13. Qxa6 e5 14. dxe5 Nxe5 15. Nxe5 dxe5 16. Bh2 1/2-1/2

[Event "Ambalangoda Dhamso op 3rd"]
[Site "Ambalangoda"]
[Date "2013.02.22"]
[Round "3"]
[White "Rajapaksha, Shyama"]
[Black "De Silva, Elath Mathanga"]
[Result "0-1"]
[WhiteElo "1638"]
[BlackElo "1883"]
[PlyCount "53"]
[EventDate "2013.02.21"]
[EventType "swiss"]
[EventRounds "9"]
[EventCountry "SRI"]
[SourceTitle "CBM 153 Extra"]
[Source "ChessBase"]
[SourceDate "2013.04.22"]
[SourceVersion "1"]
[SourceVersionDate "2013.04.22"]
[SourceQuality "1"]

1. Nf3 Nf6 2. d4 c5 3. c3 b6 4. Bf4 Bb7 5. e3 g6 6. Be2 Bg7 7. Nbd2 0-0 8. h3 d6 9. 0-0 Nbd7 10. Bh2 Rc8 11. Rc1 Re8 12. c4 cxd4 13. exd4 e5 14. Nb3 Nh5 15. dxe5 dxe5 16. Nfd2 Nf4 17. Bxf4 exf4 18. Rc2 Ne5 19. Nc1 h5 20. b3 Rc7 21. Nb1 Be4 22. Qxd8 Rxd8 23. Rd2 Rcd7 24. Rxd7 Rxd7 25. Nc3 Bc6 26. Rd1 f6 27. Bf1 0-1